[Event "European Team-ch 2007"]
[Site "Crete GRE"]
[Date "2007.10.29"]
[Round "2.19"]
[White "Agopov, Mikael"]
[Black "Sepp, Olav"]
[Result "1-0"]
[WhiteElo "2440"]
[BlackElo "2457"]
[PlyCount "63"]
[EventDate "2007.10.28"]
[EventType "team"]
[EventRounds "9"]
[EventCountry "GRE"]
[Source "lmi"]
[SourceDate "2007.10.28"]
[WhiteTeam "Finland"]
[BlackTeam "Estonia"]
[WhiteTeamCountry "FIN"]
[BlackTeamCountry "EST"]

1. Nf3 Nf6 2. d4 g6 3. c4 Bg7 4. Nc3 O-O 5. e4 d6 6. Be2 e5 7. O-O Na6 8. Be3
Qe8 9. dxe5 dxe5 10. h3 b6 11. Qb1 Nd7 12. b4 c5 13. a3 Bb7 14. Nd5 Rc8 15. Ra2
f5 16. Rd1 Nf6 17. Bd3 Nxd5 18. cxd5 c4 19. Be2 h6 20. b5 Nc5 21. exf5 gxf5 22.
Bxc4 Ne4 23. d6+ Rxc4 24. d7 Qf7 25. d8=Q Nc3 26. Qb3 Rxd8 27. Rxd8+ Kh7 28.
Rc2 Qc7 29. Rxc3 Rxc3 30. Qg8+ Kg6 31. Qe6+ Bf6 32. Nh4+ 1-0

[Event "European Team-ch 2007"]
[Site "Crete GRE"]
[Date "2007.10.29"]
[Round "2.19"]
[White "Lauk, Ular"]
[Black "Karttunen, Mika"]
[Result "0-1"]
[WhiteElo "2414"]
[BlackElo "2427"]
[PlyCount "72"]
[EventDate "2007.10.28"]
[EventType "team"]
[EventRounds "9"]
[EventCountry "GRE"]
[Source "lmi"]
[SourceDate "2007.10.28"]
[WhiteTeam "Estonia"]
[BlackTeam "Finland"]
[WhiteTeamCountry "EST"]
[BlackTeamCountry "FIN"]

1. e4 Nf6 2. e5 Nd5 3. d4 Nb6 4. Nf3 d5 5. Bd3 Bg4 6. h3 Bxf3 7. Qxf3 e6 8. O-O
c5 9. dxc5 Bxc5 10. Qg3 g6 11. Nd2 Nc6 12. Nf3 Qc7 13. Re1 h6 14. Be3 Bxe3 15.
Rxe3 a6 16. c3 Na4 17. b3 Nxc3 18. Qg4 O-O-O 19. a3 d4 20. Ree1 g5 21. Rac1 Kb8
22. b4 Rd5 23. h4 Rg8 24. hxg5 hxg5 25. Rc2 Nxe5 26. Rxe5 f5 27. Bxf5 Rxe5 28.
Bd3 Rd5 29. Qxe6 Rgd8 30. Qe1 g4 31. Nxd4 Rxd4 32. Rxc3 Qd6 33. Bf1 Rd1 34. Qe3
Rh8 35. g3 Rxf1+ 36. Kxf1 Qd1+ 0-1

[Event "European Team-ch 2007"]
[Site "Crete GRE"]
[Date "2007.10.29"]
[Round "2.19"]
[White "Westerinen, Heikki M J"]
[Black "Liiva, Riho"]
[Result "1/2-1/2"]
[WhiteElo "2371"]
[BlackElo "2442"]
[PlyCount "20"]
[EventDate "2007.10.28"]
[EventType "team"]
[EventRounds "9"]
[EventCountry "GRE"]
[Source "lmi"]
[SourceDate "2007.10.28"]
[WhiteTeam "Finland"]
[BlackTeam "Estonia"]
[WhiteTeamCountry "FIN"]
[BlackTeamCountry "EST"]

1. e4 e5 2. Nf3 Nf6 3. Nxe5 d6 4. Nf3 Nxe4 5. Qe2 Qe7 6. d3 Nf6 7. Bg5 Qxe2+ 8.
Bxe2 Be7 9. Nc3 h6 10. Bh4 c6 1/2-1/2

[Event "European Team-ch 2007"]
[Site "Crete GRE"]
[Date "2007.10.30"]
[Round "3.1"]
[White "Svidler, Peter"]
[Black "Navara, David"]
[Result "1-0"]
[WhiteElo "2732"]
[BlackElo "2656"]
[PlyCount "75"]
[EventDate "2007.10.28"]
[EventType "team"]
[EventRounds "9"]
[EventCountry "GRE"]
[Source "lmi"]
[SourceDate "2007.10.28"]
[WhiteTeam "Russia"]
[BlackTeam "Czech Republic"]
[WhiteTeamCountry "RUS"]
[BlackTeamCountry "CZE"]

1. e4 e5 2. Nf3 Nc6 3. Bb5 a6 4. Ba4 Nf6 5. O-O Be7 6. Re1 b5 7. Bb3 O-O 8. a4
b4 9. d3 d6 10. Nbd2 Na5 11. Ba2 Be6 12. Bxe6 fxe6 13. d4 exd4 14. Nxd4 Qd7 15.
Nf1 c5 16. Nf3 Nc6 17. Ng3 Ng4 18. e5 Rad8 19. exd6 Bxd6 20. Bg5 Bxg3 21. hxg3
Qxd1 22. Raxd1 Rxd1 23. Rxd1 Rf5 24. Rd6 Rd5 25. Rxe6 Nce5 26. Kf1 Nxf3 27.
gxf3 Rxg5 28. fxg4 Rxg4 29. Ke2 b3 30. cxb3 Rb4 31. a5 Rxb3 32. Rb6 c4 33. Rxb3
cxb3 34. Kd3 Kf7 35. Kc3 h5 36. f4 Ke6 37. Kxb3 Kd5 38. Kc3 1-0

[Event "European Team-ch 2007"]
[Site "Crete GRE"]
[Date "2007.10.30"]
[Round "3.2"]
[White "Mamedyarov, Shakhriyar"]
[Black "Nielsen, Peter Heine"]
[Result "1-0"]
[WhiteElo "2752"]
[BlackElo "2626"]
[PlyCount "71"]
[EventDate "2007.10.28"]
[EventType "team"]
[EventRounds "9"]
[EventCountry "GRE"]
[Source "lmi"]
[SourceDate "2007.10.28"]
[WhiteTeam "Azerbaijan"]
[BlackTeam "Denmark"]
[WhiteTeamCountry "AZE"]
[BlackTeamCountry "DEN"]

1. d4 Nf6 2. c4 e6 3. Nf3 d5 4. Nc3 dxc4 5. e3 a6 6. a4 c5 7. Bxc4 Nc6 8. O-O
Be7 9. Ne5 cxd4 10. Nxc6 bxc6 11. exd4 O-O 12. b3 a5 13. Be3 Ba6 14. Qf3 Qb8
15. Rfc1 Rc8 16. h3 Bb7 17. Rd1 c5 18. Qe2 cxd4 19. Bxd4 Bc6 20. Rd3 Qb7 21.
Rg3 Rd8 22. Be5 g6 23. Re1 Nd7 24. Bd4 Bf6 25. Bxf6 Nxf6 26. Qe5 Kg7 27. Ne2
Qb8 28. Qa1 Rd2 29. Nd4 Bb7 30. Rxe6 fxe6 31. Nxe6+ Kf7 32. Nf4+ Bd5 33. Nxd5
Nxd5 34. Rf3+ Kg8 35. Qe1 Rd4 36. Bxd5+ 1-0

[Event "European Team-ch 2007"]
[Site "Crete GRE"]
[Date "2007.10.30"]
[Round "3.2"]
[White "Gashimov, Vugar"]
[Black "Schandorff, Lars"]
[Result "1/2-1/2"]
[WhiteElo "2663"]
[BlackElo "2520"]
[PlyCount "130"]
[EventDate "2007.10.28"]
[EventType "team"]
[EventRounds "9"]
[EventCountry "GRE"]
[Source "lmi"]
[SourceDate "2007.10.28"]
[WhiteTeam "Azerbaijan"]
[BlackTeam "Denmark"]
[WhiteTeamCountry "AZE"]
[BlackTeamCountry "DEN"]

1. e4 e5 2. Nf3 Nc6 3. Bb5 a6 4. Ba4 Nf6 5. O-O Be7 6. Re1 b5 7. Bb3 d6 8. c3
O-O 9. h3 Na5 10. Bc2 c5 11. d4 Nd7 12. Nbd2 exd4 13. cxd4 Nc6 14. d5 Nce5 15.
a4 Rb8 16. Nxe5 Nxe5 17. axb5 axb5 18. f4 Ng6 19. Nf3 Bh4 20. Rf1 Bg3 21. f5
Ne5 22. Ng5 Nd7 23. e5 Bxe5 24. Nxh7 Qh4 25. Nxf8 Kxf8 26. Qf3 Nf6 27. Bf4 Bxf4
28. Qxf4 Qxf4 29. Rxf4 Nxd5 30. Rh4 Kg8 31. Kf2 Ne7 32. Rf4 Nd5 33. Rf3 Nb4 34.
Bb1 Bb7 35. Re3 Kf8 36. h4 d5 37. f6 d4 38. Rg3 gxf6 39. h5 d3 40. h6 Be4 41.
Ke3 Bg6 42. Kd2 Kg8 43. Ra7 Kh7 44. Rh3 c4 45. Rd7 Nc6 46. Rd6 Ne5 47. Rh1 b4
48. Rd4 Rc8 49. Rc1 c3+ 50. bxc3 Nc4+ 51. Rxc4 Rxc4 52. Bxd3 Bxd3 53. Kxd3
Rxc3+ 54. Rxc3 bxc3 55. Kxc3 Kxh6 56. Kd4 Kg5 57. Kd5 f5 58. Kd6 f4 59. Ke5 Kg4
60. Kf6 Kh4 61. Kf5 Kg3 62. Kg5 f6+ 63. Kf5 f3 64. gxf3 Kxf3 65. Kxf6 Ke4
1/2-1/2

[Event "European Team-ch 2007"]
[Site "Crete GRE"]
[Date "2007.10.30"]
[Round "3.2"]
[White "Rasmussen, Karsten"]
[Black "Guseinov, Gadir"]
[Result "1/2-1/2"]
[WhiteElo "2495"]
[BlackElo "2614"]
[PlyCount "74"]
[EventDate "2007.10.28"]
[EventType "team"]
[EventRounds "9"]
[EventCountry "GRE"]
[Source "lmi"]
[SourceDate "2007.10.28"]
[WhiteTeam "Denmark"]
[BlackTeam "Azerbaijan"]
[WhiteTeamCountry "DEN"]
[BlackTeamCountry "AZE"]

1. Nf3 g6 2. d4 Nf6 3. c4 Bg7 4. g3 O-O 5. Bg2 d6 6. O-O Nbd7 7. Nc3 e5 8. e4
exd4 9. Nxd4 Re8 10. h3 Nc5 11. Re1 a5 12. Ndb5 Nfd7 13. Be3 Ne5 14. Bxc5 dxc5
15. Qxd8 Rxd8 16. Nxc7 Rb8 17. Red1 Be6 18. Nxe6 fxe6 19. Na4 b6 20. b3 Nc6 21.
Rac1 Nb4 22. a3 Na2 23. Rb1 Nc3 24. Nxc3 Bxc3 25. f4 Bd2 26. Bf1 Rd4 27. Kg2
Rbd8 28. Kf3 Kg7 29. Rb2 e5 30. fxe5 Kf7 31. Rc2 Ke6 32. Ke2 Rxe4+ 33. Kf3 Red4
34. Ke2 Re4+ 35. Kf3 Red4 36. Ke2 Bb4 37. Ra1 Bd2 1/2-1/2

[Event "European Team-ch 2007"]
[Site "Crete GRE"]
[Date "2007.10.30"]
[Round "3.3"]
[White "Damljanovic, Branko"]
[Black "Stellwagen, Daniel"]
[Result "0-1"]
[WhiteElo "2608"]
[BlackElo "2639"]
[PlyCount "68"]
[EventDate "2007.10.28"]
[EventType "team"]
[EventRounds "9"]
[EventCountry "GRE"]
[Source "lmi"]
[SourceDate "2007.10.28"]
[WhiteTeam "SRB"]
[BlackTeam "Netherlands"]
[BlackTeamCountry "NED"]

1. Nf3 d5 2. c4 c6 3. e3 Nf6 4. Nc3 e6 5. b3 Bd6 6. Bb2 O-O 7. Qc2 Qe7 8. Be2
dxc4 9. bxc4 e5 10. Ng5 Na6 11. Rd1 h6 12. h4 Re8 13. Nge4 Nxe4 14. Nxe4 Bf5
15. g4 Bg6 16. h5 Bh7 17. Bd3 Kh8 18. Bc3 Bb4 19. Ng3 Bxd3 20. Qxd3 Rad8 21.
Bxb4 Nxb4 22. Qe4 Nd3+ 23. Ke2 Qb4 24. Kf3 Qa4 25. Kg2 Qxa2 26. g5 Nc5 27. Qf5
Qxc4 28. gxh6 Qe6 29. hxg7+ Kxg7 30. h6+ Kh8 31. Qh5 Rg8 32. d4 Qd5+ 33. e4
Nxe4 34. dxe5 Nxg3+ 0-1

[Event "European Team-ch 2007"]
[Site "Crete GRE"]
[Date "2007.10.30"]
[Round "3.3"]
[White "Van Den Doel, Erik"]
[Black "Miladinovic, Igor"]
[Result "1/2-1/2"]
[WhiteElo "2593"]
[BlackElo "2603"]
[PlyCount "62"]
[EventDate "2007.10.28"]
[EventType "team"]
[EventRounds "9"]
[EventCountry "GRE"]
[Source "lmi"]
[SourceDate "2007.10.28"]
[WhiteTeam "Netherlands"]
[BlackTeam "SRB"]
[WhiteTeamCountry "NED"]

1. e4 c5 2. Nf3 Nc6 3. Bb5 e6 4. Bxc6 bxc6 5. b3 f6 6. O-O Ne7 7. Nh4 g6 8. Bb2
Bg7 9. f4 O-O 10. d3 d6 11. Nd2 Rf7 12. Qe2 Bd7 13. Qf2 Qc7 14. Qg3 Raf8 15. e5
fxe5 16. fxe5 Rxf1+ 17. Rxf1 Rxf1+ 18. Kxf1 d5 19. Qg5 Be8 20. Kg1 h6 21. Qg4
Bf7 22. Qa4 Bxe5 23. Bxe5 Qxe5 24. Nhf3 Qe3+ 25. Kh1 c4 26. dxc4 e5 27. Qb4 Nf5
28. Qb8+ Kh7 29. Qc7 Kg8 30. Qb8+ Kh7 31. Qc7 Kg8 1/2-1/2

[Event "European Team-ch 2007"]
[Site "Crete GRE"]
[Date "2007.10.30"]
[Round "3.3"]
[White "Sedlak, Nikola"]
[Black "L'ami, Erwin"]
[Result "1-0"]
[WhiteElo "2605"]
[BlackElo "2577"]
[PlyCount "69"]
[EventDate "2007.10.28"]
[EventType "team"]
[EventRounds "9"]
[EventCountry "GRE"]
[Source "lmi"]
[SourceDate "2007.10.28"]
[WhiteTeam "SRB"]
[BlackTeam "Netherlands"]
[BlackTeamCountry "NED"]

1. e4 e5 2. Nf3 Nc6 3. Bb5 a6 4. Ba4 Nf6 5. d3 d6 6. c4 g6 7. Nc3 Bg7 8. d4 Bd7
9. d5 Nd4 10. Bxd7+ Nxd7 11. Be3 Nxf3+ 12. Qxf3 O-O 13. h4 f5 14. h5 f4 15. Bd2
Nf6 16. hxg6 hxg6 17. g3 Qd7 18. gxf4 exf4 19. Rg1 Qe8 20. O-O-O b5 21. e5 dxe5
22. Ne4 Nxe4 23. Qxe4 Rf6 24. c5 Qf7 25. Kb1 Re8 26. Ba5 f3 27. d6 cxd6 28.
cxd6 Qd7 29. Rxg6 Rxg6 30. Qxg6 Re6 31. Qf5 e4 32. Bc3 e3 33. Bxg7 exf2 34. Bc3
Rxd6 35. Qxd7 1-0

[Event "European Team-ch 2007"]
[Site "Crete GRE"]
[Date "2007.10.30"]
[Round "3.4"]
[White "Beliavsky, Alexander G"]
[Black "Almasi, Zoltan"]
[Result "1-0"]
[WhiteElo "2646"]
[BlackElo "2691"]
[PlyCount "67"]
[EventDate "2007.10.28"]
[EventType "team"]
[EventRounds "9"]
[EventCountry "GRE"]
[Source "lmi"]
[SourceDate "2007.10.28"]
[WhiteTeam "Slovenija"]
[BlackTeam "Hungary"]
[WhiteTeamCountry "SLO"]
[BlackTeamCountry "HUN"]

1. d4 Nf6 2. c4 e6 3. Nf3 b6 4. g3 Ba6 5. Qc2 Bb7 6. Bg2 c5 7. d5 exd5 8. cxd5
Nxd5 9. O-O Be7 10. Rd1 Qc8 11. Nh4 Bxh4 12. Rxd5 Be7 13. Nc3 Nc6 14. Qe4 O-O
15. Rh5 g6 16. Rh3 Bf6 17. Nd5 Qd8 18. Bh6 Bxb2 19. Rd1 Re8 20. Qg4 Re6 21. Bg5
h5 22. Qh4 f6 23. Be3 f5 24. Bg5 Qb8 25. Bf6 Be5 26. Qg5 Kf7 27. Rxh5 Qg8 28.
Rh6 Rc8 29. Bxe5 Nxe5 30. Qh4 Kg7 31. Nf4 Bxg2 32. Nxe6+ dxe6 33. Kxg2 Rf8 34.
f4 1-0

[Event "European Team-ch 2007"]
[Site "Crete GRE"]
[Date "2007.10.30"]
[Round "3.4"]
[White "Gyimesi, Zoltan"]
[Black "Pavasovic, Dusko"]
[Result "0-1"]
[WhiteElo "2610"]
[BlackElo "2597"]
[PlyCount "74"]
[EventDate "2007.10.28"]
[EventType "team"]
[EventRounds "9"]
[EventCountry "GRE"]
[Source "lmi"]
[SourceDate "2007.10.28"]
[WhiteTeam "Hungary"]
[BlackTeam "Slovenija"]
[WhiteTeamCountry "HUN"]
[BlackTeamCountry "SLO"]

1. d4 d5 2. c4 e6 3. Nf3 Nf6 4. Nc3 c6 5. e3 Nbd7 6. Qc2 Bd6 7. b3 O-O 8. Be2
b6 9. O-O Bb7 10. Bb2 Re8 11. Rad1 Qe7 12. Rfe1 Rad8 13. Bd3 c5 14. cxd5 exd5
15. dxc5 bxc5 16. Bf5 a6 17. Bh3 Ne5 18. Nxe5 Qxe5 19. f4 Qh5 20. Qe2 Qh6 21.
Qf2 d4 22. exd4 Bxf4 23. dxc5 Bxh2+ 24. Kf1 Rxe1+ 25. Qxe1 Qf4+ 26. Qf2 Qxf2+
27. Kxf2 Rxd1 28. Nxd1 Ne4+ 29. Ke2 Nxc5 30. Ne3 h5 31. b4 Ne6 32. Bf5 g6 33.
Bc2 Bd6 34. a3 h4 35. Kf2 Nf4 36. Nc4 Bb8 37. Ne5 Ba7+ 0-1

[Event "European Team-ch 2007"]
[Site "Crete GRE"]
[Date "2007.10.30"]
[Round "3.4"]
[White "Lenic, Luka"]
[Black "Balogh, Csaba"]
[Result "1/2-1/2"]
[WhiteElo "2531"]
[BlackElo "2561"]
[PlyCount "110"]
[EventDate "2007.10.28"]
[EventType "team"]
[EventRounds "9"]
[EventCountry "GRE"]
[Source "lmi"]
[SourceDate "2007.10.28"]
[WhiteTeam "Slovenija"]
[BlackTeam "Hungary"]
[WhiteTeamCountry "SLO"]
[BlackTeamCountry "HUN"]

1. d4 Nf6 2. c4 e6 3. Nf3 b6 4. Nc3 Bb4 5. Bg5 Bb7 6. Nd2 h6 7. Bh4 Be7 8. e4
Nxe4 9. Bxe7 Nxc3 10. Bxd8 Nxd1 11. Bxc7 Nxb2 12. a4 d5 13. cxd5 exd5 14. Ra2
Nc4 15. Nxc4 dxc4 16. Bxc4 O-O 17. d5 Na6 18. Bxa6 Bxa6 19. f3 Rac8 20. d6
Rce8+ 21. Kf2 Bc8 22. a5 Bd7 23. Rb1 f6 24. axb6 axb6 25. Rxb6 Ra8 26. Rab2
Rfe8 27. Bb8 Be6 28. Ke3 Ra4 29. Kf2 Ra2 30. Rxa2 Bxa2 31. d7 Rd8 32. Rd6 Kf7
33. Bc7 Ke7 34. Bxd8+ Kxd6 35. Bxf6 Kxd7 36. Bxg7 h5 37. Kg3 Ke6 38. Kf4 Kf7
39. Bc3 Kg6 40. h3 Bd5 41. g4 hxg4 42. fxg4 Be6 43. Bd2 Bd7 44. Ke5 Bc8 45. Be3
Bd7 46. Bd2 Bc8 47. Kf4 Bd7 48. h4 Be6 49. h5+ Kh7 50. Bc3 Bd7 51. Kg3 Be6 52.
Kh4 Bd7 53. g5 Be8 54. g6+ Bxg6 55. hxg6+ Kxg6 1/2-1/2

[Event "European Team-ch 2007"]
[Site "Crete GRE"]
[Date "2007.10.30"]
[Round "3.4"]
[White "Berkes, Ferenc"]
[Black "Borisek, Jure"]
[Result "1-0"]
[WhiteElo "2606"]
[BlackElo "2508"]
[PlyCount "111"]
[EventDate "2007.10.28"]
[EventType "team"]
[EventRounds "9"]
[EventCountry "GRE"]
[Source "lmi"]
[SourceDate "2007.10.28"]
[WhiteTeam "Hungary"]
[BlackTeam "Slovenija"]
[WhiteTeamCountry "HUN"]
[BlackTeamCountry "SLO"]

1. c4 e5 2. g3 c6 3. Nf3 e4 4. Nd4 d5 5. cxd5 Qxd5 6. Nc2 Nf6 7. Nc3 Qh5 8. Ne3
Bh3 9. Qb3 b5 10. Qc2 Bxf1 11. Rxf1 Qe5 12. f3 exf3 13. Rxf3 Bb4 14. a3 Bxc3
15. Qxc3 Qxc3 16. bxc3 O-O 17. Nf5 Re8 18. Nh6+ gxh6 19. Rxf6 Re6 20. Rxe6 fxe6
21. d3 h5 22. a4 a6 23. Be3 Nd7 24. Kd2 Kf7 25. axb5 cxb5 26. c4 bxc4 27. dxc4
e5 28. Kc3 Ke6 29. c5 Nf6 30. Kc4 a5 31. Ra4 Kd7 32. Ra3 a4 33. Rd3+ Ke6 34.
Bc1 Ne4 35. Ba3 Rf8 36. Kb5 Rb8+ 37. Kxa4 Nf6 38. Rd6+ Kf5 39. Bb4 Ne4 40. Rb6
Rc8 41. Kb5 Nf6 42. Rd6 Rb8+ 43. Kc4 Rc8 44. Ra6 Nd7 45. Ra7 Ke6 46. Rb7 Nf6
47. Kb5 Nd5 48. Ba5 Ne7 49. e4 Nc6 50. Bc3 Nd4+ 51. Kc4 Nf3 52. h4 Rg8 53. Rxh7
Rxg3 54. c6 Nxh4 55. Be1 Rg4 56. c7 1-0

[Event "European Team-ch 2007"]
[Site "Crete GRE"]
[Date "2007.10.30"]
[Round "3.5"]
[White "Karjakin, Sergey"]
[Black "Roiz, Michael"]
[Result "0-1"]
[WhiteElo "2694"]
[BlackElo "2644"]
[PlyCount "90"]
[EventDate "2007.10.28"]
[EventType "team"]
[EventRounds "9"]
[EventCountry "GRE"]
[Source "lmi"]
[SourceDate "2007.10.28"]
[WhiteTeam "Ukraine"]
[BlackTeam "Israel"]
[WhiteTeamCountry "UKR"]
[BlackTeamCountry "ISR"]

1. e4 e5 2. Nf3 Nc6 3. Bb5 a6 4. Ba4 Nf6 5. O-O Be7 6. Re1 b5 7. Bb3 d6 8. c3
O-O 9. h3 Nb8 10. d4 Nbd7 11. Nbd2 Bb7 12. Bc2 Re8 13. Nf1 Bf8 14. Ng3 g6 15.
b3 Bg7 16. d5 Qe7 17. c4 c5 18. a3 b4 19. Nh4 Qd8 20. Nhf5 gxf5 21. Nxf5 Nf8
22. axb4 cxb4 23. Qd2 a5 24. Nxg7 Kxg7 25. Qh6+ Kh8 26. Bg5 N8d7 27. f4 Rg8 28.
fxe5 Rg6 29. Qh4 Nxe5 30. Rf1 Qb6+ 31. Kh1 Nfd7 32. Rf5 Rag8 33. Re1 a4 34.
bxa4 b3 35. Bb1 f6 36. Be3 Qb4 37. Rh5 R8g7 38. Bh6 Rf7 39. Qf2 Ba6 40. Rg1
Bxc4 41. Qf5 Qxa4 42. Qe6 Qa6 43. Bf4 Nc5 44. Qf5 Kg8 45. Be3 Bd3 0-1

[Event "European Team-ch 2007"]
[Site "Crete GRE"]
[Date "2007.10.30"]
[Round "3.5"]
[White "Smirin, Ilia"]
[Black "Volokitin, Andrei"]
[Result "1/2-1/2"]
[WhiteElo "2639"]
[BlackElo "2678"]
[PlyCount "162"]
[EventDate "2007.10.28"]
[EventType "team"]
[EventRounds "9"]
[EventCountry "GRE"]
[Source "lmi"]
[SourceDate "2007.10.28"]
[WhiteTeam "Israel"]
[BlackTeam "Ukraine"]
[WhiteTeamCountry "ISR"]
[BlackTeamCountry "UKR"]

1. e4 e5 2. Nf3 Nf6 3. Nxe5 d6 4. Nf3 Nxe4 5. d4 d5 6. Bd3 Nc6 7. O-O Be7 8. c4
Nb4 9. Be2 O-O 10. a3 Nc6 11. cxd5 Qxd5 12. Nc3 Nxc3 13. bxc3 Bf5 14. Re1 Rfe8
15. Bf4 Rac8 16. h3 Be4 17. a4 Bd6 18. Be3 Qa5 19. Qb3 Qf5 20. Nd2 Na5 21. Qb2
Bc6 22. c4 Qg6 23. Bf1 b6 24. Qc3 Qf6 25. Nb3 Nxb3 26. Qxb3 Bf4 27. a5 Bxe3 28.
fxe3 Qg6 29. axb6 axb6 30. Qc3 Be4 31. Qd2 Re6 32. Rac1 h5 33. c5 bxc5 34. Rxc5
Rb6 35. Rb5 Rxb5 36. Bxb5 Rd8 37. Bf1 c5 38. Qf2 Rd5 39. dxc5 Rxc5 40. Kh2 Rf5
41. Qd2 Qg5 42. Rd1 Rf6 43. Kg1 g6 44. Qe1 Rf3 45. h4 Qxe3+ 46. Qxe3 Rxe3 47.
Kf2 Rc3 48. Rd2 Kg7 49. Be2 Kf6 50. Bf3 Bf5 51. Rd5 Ke7 52. Kg3 Be6 53. Ra5 Rc4
54. Ra7+ Kd6 55. Ra6+ Ke5 56. Ra5+ Kf6 57. Ra6 Rd4 58. Rb6 Ra4 59. Rc6 Ke5 60.
Rc5+ Kd4 61. Rc6 Ke3 62. Rc3+ Kd2 63. Rc6 Rd4 64. Ra6 Bc4 65. Rb6 Ke3 66. Rb1
Bd3 67. Re1+ Kd2 68. Rd1+ Kc2 69. Re1 Kd2 70. Rd1+ Kc3 71. Re1 Kc2 72. Re7 Bc4
73. Re4 Kd3 74. Kf4 Rxe4+ 75. Bxe4+ Ke2 76. Bc6 Kf2 77. g3 Be6 78. Be8 Kg2 79.
Bc6+ Kh2 80. Be8 Bd5 81. Bd7 Bc4 1/2-1/2

[Event "European Team-ch 2007"]
[Site "Crete GRE"]
[Date "2007.10.30"]
[Round "3.6"]
[White "Shirov, Alexei"]
[Black "Kozul, Zdenko"]
[Result "0-1"]
[WhiteElo "2739"]
[BlackElo "2609"]
[PlyCount "188"]
[EventDate "2007.10.28"]
[EventType "team"]
[EventRounds "9"]
[EventCountry "GRE"]
[Source "lmi"]
[SourceDate "2007.10.28"]
[WhiteTeam "Espana"]
[BlackTeam "Croatia"]
[WhiteTeamCountry "ESP"]
[BlackTeamCountry "CRO"]

1. e4 c5 2. Nf3 d6 3. d4 cxd4 4. Nxd4 Nf6 5. Nc3 Nc6 6. Bg5 e6 7. Qd2 a6 8.
O-O-O Bd7 9. f4 b5 10. Bxf6 gxf6 11. Kb1 b4 12. Nce2 Qb6 13. Qe1 Rc8 14. Nxc6
Bxc6 15. Nd4 Bb7 16. f5 e5 17. Nf3 Rg8 18. Qh4 Ke7 19. Rg1 h5 20. Bd3 Bh6 21.
g3 a5 22. Rg2 a4 23. Re2 b3 24. a3 Rc3 25. Qxh5 Rb8 26. Qxh6 bxc2+ 27. Rxc2 Ba6
28. Qd2 Rxd3 29. Qxd3 Bxd3 30. Rxd3 Qa6 31. Rdc3 Kf8 32. Nd2 Kg7 33. h4 Qe2 34.
Ka2 Rd8 35. Rc4 Qd3 36. R4c3 Qe2 37. Rc4 Qd1 38. R4c3 Rd7 39. Nc4 Qg4 40. Nd2
d5 41. exd5 Rxd5 42. Nc4 Rd4 43. Ne3 Qe4 44. g4 Qh1 45. g5 Qxh4 46. g6 Rd7 47.
Rg2 Qh1 48. Rcc2 fxg6 49. Rxg6+ Kf7 50. Rc8 Qb7 51. Rc3 Rd2 52. Nc4 Qd5 53. Kb1
Qe4+ 54. Ka2 Qd5 55. Rg1 Rd3 56. Rgc1 e4 57. Kb1 Qd4 58. R3c2 Rd1 59. Rc3 Rxc1+
60. Kxc1 Qg1+ 61. Kc2 Qf2+ 62. Kb1 Ke7 63. Ne3 Kd6 64. b3 Qe1+ 65. Kc2 Qe2+ 66.
Kb1 Qe1+ 67. Kc2 Qa1 68. bxa4 Qa2+ 69. Kc1 Ke5 70. Nc2 Qd5 71. Ne3 Qa8 72. a5
Kd4 73. Kb2 Qxa5 74. Nc2+ Ke5 75. Ne3 Qb5+ 76. Rb3 Qe2+ 77. Kb1 Qa6 78. Kb2 Kf4
79. Rc3 Qb5+ 80. Kc2 Qa4+ 81. Kb2 Qd4 82. Nc4 Qd7 83. Ne3 Qd2+ 84. Nc2 Qd7 85.
Ne3 Qb7+ 86. Ka2 Qb5 87. Ka1 Kf3 88. Nd5+ Ke2 89. Nxf6 e3 90. Ng4 Kd2 91. Rc8
e2 92. Rd8+ Kc3 93. Rc8+ Kb3 94. Rc1 Qa5 0-1

[Event "European Team-ch 2007"]
[Site "Crete GRE"]
[Date "2007.10.30"]
[Round "3.7"]
[White "Ragger, Markus"]
[Black "Aronian, Levon"]
[Result "1/2-1/2"]
[WhiteElo "2528"]
[BlackElo "2741"]
[PlyCount "52"]
[EventDate "2007.10.28"]
[EventType "team"]
[EventRounds "9"]
[EventCountry "GRE"]
[Source "lmi"]
[SourceDate "2007.10.28"]
[WhiteTeam "Austria"]
[BlackTeam "Armenia"]
[WhiteTeamCountry "AUT"]
[BlackTeamCountry "ARM"]

1. e4 e5 2. Nf3 Nc6 3. Bb5 Nf6 4. O-O Nxe4 5. Re1 Nd6 6. Nxe5 Be7 7. Bf1 O-O 8.
d4 Nf5 9. c3 Nxe5 10. Rxe5 d6 11. Re1 c6 12. Nd2 d5 13. Nf3 Nh4 14. Nxh4 Bxh4
15. Bd3 Bf6 16. Bf4 Be6 17. Qf3 Qd7 18. Be5 Bxe5 19. Rxe5 f6 20. Re3 Rae8 21.
Rae1 Bf7 22. Qf5 Qxf5 23. Bxf5 Rxe3 24. Rxe3 g6 25. Bd3 Re8 26. Rxe8+ Bxe8
1/2-1/2

[Event "European Team-ch 2007"]
[Site "Crete GRE"]
[Date "2007.10.30"]
[Round "3.7"]
[White "Akopian, Vladimir"]
[Black "Atlas, Valery"]
[Result "1/2-1/2"]
[WhiteElo "2713"]
[BlackElo "2482"]
[PlyCount "79"]
[EventDate "2007.10.28"]
[EventType "team"]
[EventRounds "9"]
[EventCountry "GRE"]
[Source "lmi"]
[SourceDate "2007.10.28"]
[WhiteTeam "Armenia"]
[BlackTeam "Austria"]
[WhiteTeamCountry "ARM"]
[BlackTeamCountry "AUT"]

1. e4 c5 2. Nf3 e6 3. d4 cxd4 4. Nxd4 Nf6 5. Nc3 d6 6. Be3 Be7 7. f3 Nc6 8. Qd2
d5 9. Bb5 Bd7 10. exd5 Nxd5 11. Nxd5 exd5 12. O-O-O Ne5 13. Qe2 O-O 14. Bxd7
Qxd7 15. Qb5 Rfd8 16. Qxd7 Rxd7 17. Nf5 Bf8 18. Rhe1 Nc4 19. Bd4 g6 20. Ng3 Rc8
21. Re2 b5 22. Rde1 a6 23. Nf1 h5 24. Kd1 Nd6 25. Kc1 Nf5 26. Bf2 d4 27. Re8
Rc6 28. Kb1 d3 29. cxd3 Rxd3 30. Rc1 Rxc1+ 31. Kxc1 Kg7 32. Ra8 Rd6 33. Nd2
Rc6+ 34. Kb1 Bd6 35. g3 Be5 36. Nb3 Rd6 37. Kc2 Rc6+ 38. Kb1 Rd6 39. Kc2 Rc6+
40. Kb1 1/2-1/2

[Event "European Team-ch 2007"]
[Site "Crete GRE"]
[Date "2007.10.30"]
[Round "3.7"]
[White "Neubauer, Martin"]
[Black "Sargissian, Gabriel"]
[Result "0-1"]
[WhiteElo "2453"]
[BlackElo "2673"]
[PlyCount "82"]
[EventDate "2007.10.28"]
[EventType "team"]
[EventRounds "9"]
[EventCountry "GRE"]
[Source "lmi"]
[SourceDate "2007.10.28"]
[WhiteTeam "Austria"]
[BlackTeam "Armenia"]
[WhiteTeamCountry "AUT"]
[BlackTeamCountry "ARM"]

1. e4 e5 2. Nf3 Nc6 3. Bb5 Nf6 4. O-O Nxe4 5. Re1 Nd6 6. Nxe5 Be7 7. Bf1 Nf5 8.
c3 Nxe5 9. Rxe5 d6 10. Re1 O-O 11. d4 d5 12. Nd2 Nh4 13. Nf3 Bg4 14. Be2 Re8
15. Nxh4 Bxe2 16. Qxe2 Bxh4 17. Qxe8+ Qxe8 18. Rxe8+ Rxe8 19. Kf1 c6 20. Bf4
Be7 21. Re1 Kf8 22. Re2 f6 23. h3 Kf7 24. f3 h5 25. g4 Rh8 26. Kg2 b5 27. a3 a5
28. Re1 g6 29. Kf2 Ra8 30. Ra1 Ke6 31. Re1+ Kd7 32. Ra1 g5 33. Bd2 hxg4 34.
hxg4 Rh8 35. Kg2 c5 36. Rh1 Rxh1 37. Kxh1 a4 38. dxc5 Kc6 39. Kg2 Kxc5 40. Kf2
Kc4 41. Ke2 Kb3 0-1